| 000 | 00813nam a22002531 4500 | ||
|---|---|---|---|
| 001 | 10020 | ||
| 003 | BD-RjUL | ||
| 005 | 20211208234859.0 | ||
| 008 | 140122s1965 ne a b 001 0 eng | ||
| 035 | _a(BD-RjUL)10067 | ||
| 040 |
_aDLC/ICU _cICU _dDLC _dBD-RjUL _beng |
||
| 041 | _aeng | ||
| 082 | 0 | 0 |
_a543 _bPRA 1965 |
| 245 | 1 | 0 |
_aPractical instrumental analysis / _cedited by J. Krugers and A.I.M. Keulemans. |
| 260 |
_aAmsterdam ; _aNew York : _bElsevier Pub. Co., _c1965. |
||
| 300 |
_aix, 263 p. : _billus. ; _c23 cm. |
||
| 504 | _aIncludes bibliographies and index. | ||
| 650 | 0 |
_aInstrumental analysis. _929915 |
|
| 700 | 1 |
_aKrugers, Jan, _930934 |
|
| 700 | 1 |
_aKeulemans, A. I. M. _q(Aloysius Ignatius Marie), _d1908- _ejoint ed. _930935 |
|
| 942 |
_2ddc _cBK |
||
| 999 |
_c10020 _d10020 |
||